Grievance arbitration: a practical guide (Record no. 6196)

000 -LEADER
fixed length control field 00448nam a2200145Ia 4500
008 - FIXED-LENGTH DATA ELEMENTS--GENERAL INFORMATION
fixed length control field 201216s9999 xx 000 0 und d
020 ## - INTERNATIONAL STANDARD BOOK NUMBER
International Standard Book Number 9221017222
110 ## - MAIN ENTRY--CORPORATE NAME
9 (RLIN) 4548
Corporate name or jurisdiction name as entry element International Labour Office (ILO)
245 #0 - TITLE STATEMENT
Title Grievance arbitration: a practical guide
260 ## - PUBLICATION, DISTRIBUTION, ETC. (IMPRINT)
Place of publication, distribution, etc Geneva
Name of publisher, distributor, etc International Labour Office
Date of publication, distribution, etc 1977
300 ## - PHYSICAL DESCRIPTION
Extent 71p.
650 #0 - SUBJECT ADDED ENTRY--TOPICAL TERM
Topical term or geographic name as entry element Labor laws and Legislation
710 ## - ADDED ENTRY--CORPORATE NAME
9 (RLIN) 4548
Corporate name or jurisdiction name as entry element International Labour Office (ILO)
942 ## - ADDED ENTRY ELEMENTS (KOHA)
Item type Books
Source of classification or shelving scheme
Holdings
Withdrawn status Lost status Damaged status Not for loan Permanent location Date acquired Full call number Barcode Date last seen Koha item type
        IMU Kolkata 2020-12-16 658.3154 I2997 PM01193 2020-12-16 Books
Designed and Maintained by IMU-KC Library, Kolkata Campus © Copyright All Rights Reserved

webs counters

Powered by Koha